| 000 | 00551nam a2200169 i 4500 | ||
|---|---|---|---|
| 001 | 60947 | ||
| 003 | ES-MaACL | ||
| 005 | 20230906164334.0 | ||
| 007 | t| | ||
| 008 | 031107s1971 sp ||||1| spa d | ||
| 245 | 0 | 0 |
_aEstudios _b: 1970-1971. |
| 260 |
_aZaragoza : _bUniversidad de Zaragoza, _c1971. |
||
| 300 |
_a77 p. ; _c24 cm. |
||
| 500 | _aPrecede al tít.: Publicaciones del Departamento de Filosofía Fundamental. | ||
| 710 | 2 |
_aUniversidad de Zaragoza. _bDepartamento de Filosofía Fundamental. _97357 |
|
| 852 |
_aES-MaACL _jC-44479 _bR.77906 |
||
| 999 |
_c60947 _d60947 |
||